| 000 | 00985nam0a22002531 4500 | ||
|---|---|---|---|
| 001 | rc\4716036 | ||
| 005 | 20260407100908.0 | ||
| 021 |
_aRU _b[62-49092] |
||
| 035 | _a(NLR Aleph) 008727097 | ||
| 090 |
_a9454007 _c9454007 |
||
| 100 | _a20130416d1962 |||y0rusy50 ca | ||
| 101 | 0 | _arus | |
| 102 | _aRU | ||
| 105 | _aa z ||||| | ||
| 200 | 1 |
_aПутеводитель по историко-революционным местам г. Сызрани _fМузей краеведения г. Сызрани |
|
| 210 |
_aКуйбышев _cКн. изд-во _d1962 |
||
| 215 |
_a56 с. _cил. _d20 |
||
| 606 |
_aРеволюционное движение в Сызрани _xИсторические места и памятники _xПутеводители _2psbo |
||
| 712 | 0 | 2 |
_aСызранский краеведческий музей _9610956 _3RU\NLR\AUTH\8810055197 |
| 801 | 0 |
_aRU _bNLR _gpsbo |
|
| 801 | 1 |
_aRU _bELAR _2rusmarc |
|
| 852 |
_aNLR _j62-4/12339 |
||
| 942 | _cBOOK | ||
| 980 | _aNB | ||